Statistics for 1997 Michigan Football Schedule

Click here to take the quiz!

General Stats

  • This quiz has been taken 473 times
  • The average score is 9 of 12

Answer Stats

DateLocationResultOpponent% Correct
Nov 22HomeW 20-14Ohio State
99%
Oct 25AwayW 23-7Michigan State
96%
Oct 4AwayW 37-0Indiana
88%
Nov 8AwayW 34-8Penn State
88%
Nov 15AwayW 26-16Wisconsin
86%
Oct 18HomeW 28-24Iowa
85%
Nov 1HomeW 24-3Minnesota
82%
Oct 11HomeW 23-6Northwestern
81%
Sep 27HomeW 21-14Notre Dame
77%
Jan 1Rose BowlW 21-16Washington State
69%
Sep 13HomeW 27-3Colorado
46%
Sep 20HomeW 38-3Baylor
28%

Score Distribution

Percentile by Number Answered

Percent of People with Each Score

Your Score History

You have not taken this quiz